LEADER 01090nam a2200253 i 4500 001 000000131035 003 CaOOAMICUS 005 20080717000000.0 008 080717s1977 it u000 u ita u 013 $a103875 040 $aSeMil$bita 100 1 $aFaldi, Italo.$0(OLS)http://semarc/name/51765 245 13$aLa Galleria Nazionale d'Arte Moderna /$cItalo Faldi e Bruno Mantura ; fotografie di Mario Carrieri. 260 $aMilano :$bBanca Popolare di Milano,$ccopyr. 1977. 300 $a[199] p. :$briccamente ill. ;$c35 cm. 500 $aIn custodia. 650 4$aGalleria Nazionale d'Arte Moderna - Milano.$0(OLS)http://semarc/subject/25830 700 1 $aCarrieri, Mario.$0(OLS)http://semarc/name/18854 700 1 $aMantura, Bruno.$0(OLS)http://semarc/name/5188 850 $aSeMil 852 $aSeMil$W1$xVenegono$y1$m5V X 4$j85030$B85030$CSeMilBibl$Z2$F88694 $8I 961 $aOmaggio: Deponti Angela 996 $6245$aLa Galleria Nazionale d'Arte Moderna$9(OLS)http://semarc/title/192874 996 $6260$aMilano :$bBanca Popolare di Milano$9(OLS)http://semarc/publisher/33873 LEADER 00869nam a2200193 i 4500 001 000000013775 003 CaOOAMICUS 005 20180830125442.0 008 180830s1844 it u000 u ita u 040 $aSeMil$bita 100 1 $aBuffini, Andrea.$0(OLS)http://semarc/name/89917 245 10$aRagionamenti storici economico-statistici e morali intorno all'ospizio dei trovatelli in Milano /$cdel dottore P. Andrea Buffini. 260 $aMilano :$bPietro Agnelli,$c1844-1845. 300 $a2 v. ;$c24 cm. 650 4$aMilano - Ospizio dei trovatelli.$0(OLS)http://semarc/subject/44796 774 0 $tParte 1.$g1$w()131962 774 0 $tParte 2.$g2$w()252716 996 $6245$aRagionamenti storici economico-statistici e morali intorno all'ospizio dei trovatelli in Milano$9(OLS)http://semarc/title/401495 996 $6260$aMilano :$bPietro Agnelli$9(OLS)http://semarc/publisher/53395